Spot the US Presidents Quiz Stats

 Plays Quiz Updated Sep 8, 2019

Score 0/8 Timer 01:30
8 Plays Today
% Correct
Barack Obama
2009-2017
99%
Bill Clinton
1993-2001
95.8%
George W. Bush
2001-2009
94.5%
George H.W. Bush
1989-1993
94.5%
Jimmy Carter
1977-1981
91.5%
Ronald Reagan
1981-1989
90.5%
Gerald Ford
1974-1977
88.1%
Donald Trump
2017-(incumbent)
74.9%

You're not logged in!

Compare scores with friends on all Sporcle quizzes.
OR
Log In

Sporcle TV

Today on Sporcle TV


Watch our educational content, quiz creation guides, and fun videos on Sporcle TV.

Show Comments

Extras

Top Quizzes Today


Score Distribution

Your Account Isn't Verified!

In order to create a playlist on Sporcle, you need to verify the email address you used during registration. Go to your Sporcle Settings to finish the process.

Report this User

Report this user for behavior that violates our Community Guidelines.

Details: